Las deducciones y devoluciones en el IVA (Registro nro. 159138)
[ vista simple ]
| 000 -LEADER | |
|---|---|
| fixed length control field | 01241ny a22002893n 4500 |
| 008 - FIXED-LENGTH DATA ELEMENTS--GENERAL INFORMATION | |
| fixed length control field | 030207s2007 sp r 000 0 spa d |
| 020 ## - INTERNATIONAL STANDARD BOOK NUMBER | |
| International Standard Book Number | 9788484940395 |
| 035 ## - | |
| -- | 1671 |
| 040 ## - CATALOGING SOURCE | |
| Original cataloging agency | UZ.DER |
| Modifying agency | vLex |
| 090 ## - | |
| -- | 616 |
| -- | 616 |
| 100 1# - MAIN ENTRY--PERSONAL NAME | |
| Personal name | Checa González, Clemente |
| 245 14 - TITLE STATEMENT | |
| Title | Las deducciones y devoluciones en el IVA |
| Medium | [Recurso electrónico] |
| Statement of responsibility, etc | Clemente Checa González |
| 256 ## - | |
| -- | Servicio en línea |
| 260 ## - PUBLICATION, DISTRIBUTION, ETC. (IMPRINT) | |
| Place of publication, distribution, etc | Alcobendas (Madrid) : |
| Name of publisher, distributor, etc | Edersa, |
| Date of publication, distribution, etc | 2007 |
| 300 ## - PHYSICAL DESCRIPTION | |
| Extent | p. ; |
| Dimensions | cm |
| 506 1# - RESTRICTIONS ON ACCESS NOTE | |
| Terms governing access | Contenido solo disponible en los productos indicados |
| Authorized users | vLex Global |
| -- | vLex Global (Academic Edition, excluding Law Schools) |
| -- | vLex Global (U.S. Academic Edition, Law Schools) |
| -- | vLex Global (U.S. Academic Edition, excluding Law Schools) |
| -- | vLex Global (Academic Edition, Law Schools) |
| 650 04 - SUBJECT ADDED ENTRY--TOPICAL TERM | |
| Source of heading or term | Tesauro vLex |
| Topical term or geographic name as entry element | Tributario |
| 650 04 - SUBJECT ADDED ENTRY--TOPICAL TERM | |
| Source of heading or term | Tesauro vLex |
| Topical term or geographic name as entry element | Impuesto sobre el valor añadido |
| 650 04 - SUBJECT ADDED ENTRY--TOPICAL TERM | |
| Source of heading or term | Tesauro vLex |
| Topical term or geographic name as entry element | Deuda tributaria |
| 650 04 - SUBJECT ADDED ENTRY--TOPICAL TERM | |
| Source of heading or term | Tesauro vLex |
| Topical term or geographic name as entry element | Devolución de ingresos indevidos |
| 650 04 - SUBJECT ADDED ENTRY--TOPICAL TERM | |
| Source of heading or term | Tesauro vLex |
| Topical term or geographic name as entry element | IVA |
| 650 04 - SUBJECT ADDED ENTRY--TOPICAL TERM | |
| Source of heading or term | Tesauro vLex |
| Topical term or geographic name as entry element | Deducciones |
| 740 0# - | |
| -- | vLex Libros (Servicios en línea) |
| 856 40 - LOCALIZACIÓN Y ACCESO ELECTRÓNICO | |
| Identificador Uniforme del Recurso (URI/URL) | https://app.vlex.com/#/sources/deducciones-devoluciones-iva-1671 |
| 942 ## - | |
| -- | RAA |
| 999 ## - | |
| -- | 159138 |
| -- | 159138 |
No hay ítems disponibles.